| 000 | 01117ngm a22003490a 4500 | ||
|---|---|---|---|
| 001 | PT47693 | ||
| 003 | AR-LpoUNG | ||
| 005 | 20210202000027.0 | ||
| 007 | vd cvaizq | ||
| 008 | 191001s2010||||ag |||||||||||||||||spa d | ||
| 037 | _c$2,50 | ||
| 040 |
_aAR-LpoUNG _bspa _cAR-LpoUNG _eaacr |
||
| 041 | _aspa | ||
| 044 | _aag | ||
| 082 | 0 | _a303.4 895cin | |
| 100 | 1 |
_aBrunetto, Lucas _edir. |
|
| 245 | 1 | 0 | _aCine, dioses y billetes |
| 260 |
_aBuenos Aires : _bIndependiente, _c2010. |
||
| 300 | _aDVD (78 min.) : son., col. | ||
| 505 | 0 | _aGuión: Lucas Brunetto. Producción: Mauricio Carmona. Fotografía: Fabio Bastías. Música: Nahuel Bailo | |
| 520 | _aEl documental destaca la centralidad que tuvieron los cines de la zona y el impacto que produjo sobre la comunidad su paulatina desaparición y posterior conversión en templos destinados al culto religioso o bingos. | ||
| 650 | 4 | _aCAMBIO SOCIAL | |
| 650 | 4 | _aCINE | |
| 650 | 4 | _aIGLESIA | |
| 650 | 4 | _aSOCIEDAD | |
| 653 | _aCINE ARGENTINO | ||
| 653 | _aDOCUMENTALES | ||
| 653 | _aDVD | ||
| 653 | _aVIDEOS | ||
| 905 | _a47693 | ||
| 942 | _cDVD | ||
| 999 |
_c53971 _d53971 |
||